|
|
|
|
| LEADER |
00000cam a2200000 a 4500 |
| 001 |
vtls001485920 |
| 003 |
SK-MaSNL |
| 005 |
20260426001938.0 |
| 008 |
240226s2004 xo g l 000 0 slo |
| 015 |
|
|
|a SNBI2004/04-02245
|
| 020 |
|
|
|a 8089122183
|q (brožované)
|
| 035 |
|
|
|a SNK000441213
|
| 035 |
|
|
|a urn:nbn:sk:snk-am3j3ji
|
| 035 |
|
|
|a D1B4910D-DA99-4949-A4BD-4FC54B7DA8C9
|
| 035 |
|
|
|a urn:nbn:sk:snk-am00ghbs
|
| 040 |
|
|
|a SNK
|b slo
|c SNK
|e AACR2
|
| 041 |
0 |
|
|a slo
|
| 043 |
|
|
|a e-xo---
|
| 044 |
|
|
|a xo
|c SK
|
| 072 |
|
7 |
|a 349
|x Pracovné, sociálne, stavebné právo. Právo životného prostredia
|2 konspekt
|
| 080 |
|
|
|a 349.2
|2 2011
|
| 080 |
|
|
|a (437.6)
|2 2011
|
| 080 |
|
|
|a (094.5)
|2 2011
|
| 080 |
|
|
|a (0.072)
|2 2011
|
| 100 |
1 |
|
|a Thurzová, Marta,
|d 1954-
|4 aut
|9 204242
|
| 245 |
1 |
0 |
|a Zákonník práce
|b komentár s účinnosťou od 1. júla 2004
|c Marta Thurzová
|
| 250 |
|
|
|a 5. vyd.
|
| 260 |
|
|
|a Šamorín
|b Heuréka
|c 2004
|
| 300 |
|
|
|a 186 strán
|c 21 cm
|
| 650 |
0 |
7 |
|a pracovné právo
|2 SNKPH
|9 982
|
| 651 |
|
7 |
|a Slovensko
|2 SNKPH
|9 14231
|
| 655 |
|
7 |
|a zákony
|2 SNKPH
|9 70186
|
| 655 |
|
7 |
|a komentáre
|2 SNKPH
|9 70412
|
| 919 |
|
|
|a 80-89122-18-3
|
| 958 |
|
|
|a OND
|
| 999 |
|
|
|c 904713
|d 906643
|
| 952 |
|
|
|t P60, <03>, [BOOK], {603}
|a SNK
|b SNK
|y PREZ
|7 0
|p 17A0451085
|o snkSC 118084
|i snkKSP 14840/2004
|0 0
|1 0
|4 0
|d 2004-11-23
|f 1
|l 0
|r 2025-10-07 00:00:00
|w 2026-02-24
|
| 952 |
|
|
|t P60, <04>, [BOOK], {604}
|a SNK
|b SNK
|y VYP
|7 0
|p 17A0451086
|o snkSC 118084 D1
|i snkKSP 14841/2004
|0 0
|1 0
|4 0
|d 2004-11-23
|l 0
|r 2005-01-02 00:00:00
|w 2026-02-24
|